000 00281nam a22001337a 4500
008 170527b xxu||||| |||| 00| 0 eng d
020 _a65595
041 _aeng
080 _a62
100 _a26
101 _aIM
245 _aENGINEERING EXPERIMENTATION
_cTUVE
942 _2udc
_cBK
999 _c14647
_d14647